| 000 | 01013nam a22002537a 4500 | ||
|---|---|---|---|
| 005 | 20120503142734.0 | ||
| 008 | 120503t xxu||||| |||| 00| 0 eng d | ||
| 010 | _aENG-105198 | ||
| 020 |
_a9780071078276 _c895.00 |
||
| 020 |
_a0071078274 _c895.00 |
||
| 035 | _aEN-88731 | ||
| 037 | _bDBAD/PUB | ||
| 040 |
_aDPL _bEng |
||
| 082 | _a621.3692 | ||
| 100 |
_aAjoy Ghatak _946294 |
||
| 245 |
_aPolarization of light with applications in optical fibers / _cby Ajoy Ghatak [and] Arun Kumar _bachieve more of what you want by being more of who you are / |
||
| 260 |
_aNew Delhi _bTata McGraw Hill Education _c2012 |
||
| 270 |
_a7, West Patel Nagar _bNew Delhi _e110008 |
||
| 300 |
_axi,225p. : _c24cm(Hb) _bill. |
||
| 500 | _aIncludes bibliographical references and index | ||
| 700 |
_aArun Kumar _91055 |
||
| 942 |
_2ddc _cEN _mAJO _h621.3692 |
||
| 999 |
_c66099 _d66099 |
||